| 000 | 01252nam a22003017a 4500 | ||
|---|---|---|---|
| 003 | CHAP | ||
| 005 | 20220329140814.0 | ||
| 008 | 971013s1963 r 00010 d | ||
| 010 | _a57893 | ||
| 011 | _a58865 | ||
| 035 | _a63021 | ||
| 040 | _cCHAP | ||
| 082 |
_a595.7 _bS84 |
||
| 100 | 0 | 0 |
_aSteinhaus, Edward Arthur _eed. _9109624 |
| 245 |
_aInsect pathology _b: an advanced treatise |
||
| 260 |
_aNew York : _bAcademic Press, _c1963 |
||
| 300 |
_a2 v. _b: ilus. |
||
| 505 | _aContenido: v.1 Introduction. Physical injuries Chemical injuries. Nutrional diseases. Genetic diseases and aberrations Tumors. The microorganisms of healthy insects. Pathogens of their acarihe and insect vectore. Inmunity in insects physiopathology and | ||
| 590 |
_aBATCH-UPD _b10 _c20130110 _lUCH01 _h0657 |
||
| 590 |
_aCONVERSION _b10 _c20130109 _lUCH01 _h1331 |
||
| 650 | 1 | 4 |
_aInsectos _xEnfermedades. _958917 |
| 901 | _aBK | ||
| 942 | _cLIBRO | ||
| 949 |
_a595.7 S84 _bBC _cLIBRO _d-135245 _eLIBRO _fv.1 c.3 _h27046 _i63021 _si |
||
| 949 |
_a595.7 S84 _bBC _cLIBRO _d33724000365920 _eLIBRO _fv.1 c.2 _h27045 _i63021 _si |
||
| 949 |
_a595.7 S84 _bBC _cLIBRO _d33724000365938 _eLIBRO _fv.1 _h27044 _i63021 _si |
||
| 949 |
_a595.7 S84 _bBC _cLIBRO _d33724000365946 _eLIBRO _fv.2 _h27047 _i63021 _si |
||
| 999 |
_c57893 _d57893 |
||